000 00494nam a2200181Ia 4500
008 240925s9999 xx 000 0 und d
020 _a9789352606184
082 _a621.3824 KRA
100 _aKraus, John D.; Marhefka, Ronald J
245 0 _aAntennas and Wave Propagation
250 _a5th
260 _aNew Delhi:
_bTata McGraw Hill
_c,2018.
300 _aviii, 466p.
_b0
_fOriginal
500 _aIncludes Index
600 _aEngineering Technology
650 _aTechnology
942 _cBK
999 _c14408
_d14408